000 00469 a2200169 4500
999 _c313653
_d313653
001 78580
003 NUST
005 20180119124714.0
008 180119b xxu||||| |||| 00| 0 eng d
020 _a0002551977
082 _a909.83 MCR
100 _aHamish Mcrae
_99097
245 _aThe World In 2020: Power, Culture and Prosperity A Vision of the Future
_cMamish Mcrae
_hEnglish
250 _a1
260 _aLandon
_bHarper Collins PAF Book Club
_c1996
300 _axiii302
500 _aGeneral Books
505 _aGifted Books
942 _aCaenust
_cBK
_k909.83 MCR
_2ddc